Honduras: demobilisation of the contra
Guardado en:
| Formato: | Texto |
|---|---|
| Materias: | |
| Etiquetas: |
Agregar Etiqueta
Sin Etiquetas, Sea el primero en etiquetar este registro!
|
MARC
| LEADER | 00000 a a2200000 04500 | ||
|---|---|---|---|
| 001 | 2684 | ||
| 003 | |||
| 040 | |||
| 245 | |a Honduras: |b demobilisation of the contra | ||
| 650 | |a GUERRA | ||
| 650 | |a FUERZAS ARMADAS | ||
| 650 | |a MILITARISMO | ||
| 650 | |a RELACIONES GOBIERNO FUERZAS ARMADAS | ||
| 650 | |a REPRESION | ||
| 650 | |a CRISIS SOCIAL | ||
| 650 | |a INTERVENCION EXTRANJERA | ||
| 650 | |a HONDURAS | ||
| 773 | |g número 40; página 6 | ||
| 999 | |c 30638 |d 30638 | ||
